[Event "Chigorin Memorial 23rd"]
[Site "St Petersburg"]
[Date "2015.10.10"]
[Round "8"]
[White "Machlik, Edit"]
[Black "Pimenov, Valeri"]
[Result "0-1"]
[WhiteElo "1946"]
[BlackElo "2171"]
[PlyCount "100"]
[EventDate "2015.10.03"]
[EventType "swiss"]
[EventRounds "9"]
[EventCountry "RUS"]
[SourceTitle "CBM 168 Extra"]
[Source "ChessBase"]
[SourceDate "2015.10.29"]
[SourceVersion "1"]
[SourceVersionDate "2015.10.29"]
[SourceQuality "1"]

1. d4 Nf6 2. c4 e6 3. Nc3 Bb4 4. Qc2 c5 5. dxc5 0-0 6. Bg5 Nc6 7. a3 Bxc5 8. Nf3 Be7 9. Rd1 d5 10. Bxf6 Bxf6 11. cxd5 Bxc3+ 12. Qxc3 exd5 13. e3 Be6 14. Be2 Rc8 15. 0-0 Qe7 16. Qd2 f6 17. Rc1 Ne5 18. Rxc8 Rxc8 19. Rc1 Nc4 20. Qd4 b6 21. Bd3 Rc5 22. Rc2 Bf7 23. Qh4 g6 24. Qd4 Ne5 25. Ne1 Be6 26. b4 Rxc2 27. Bxc2 Qc7 28. Qd2 Nc4 29. Qc3 Qe5 30. Qxe5 fxe5 31. a4 Kf7 32. Kf1 Bd7 33. Nd3 Ke6 34. Ke2 Kd6 35. f4 e4 36. Nc1 Nb2 37. b5 Kc5 38. Na2 Bg4+ 39. Ke1 d4 40. Bxe4 dxe3 41. Nc1 Nxa4 42. Bc6 a5 43. Nd3+ Kd4 44. Ne5 Bf5 45. g4 Be4 46. Nc4 Kxc4 47. Bxe4 Nc3 48. Bc6 a4 49. Be8 a3 50. Bf7+ Nd5 0-1

[Event "Chigorin Memorial 23rd"]
[Site "St Petersburg"]
[Date "2015.10.06"]
[Round "4"]
[White "Nigmatov, Ortik"]
[Black "Pimenov, Valeri"]
[Result "1/2-1/2"]
[WhiteElo "2330"]
[BlackElo "2171"]
[PlyCount "104"]
[EventDate "2015.10.03"]
[EventType "swiss"]
[EventRounds "9"]
[EventCountry "RUS"]
[SourceTitle "CBM 168 Extra"]
[Source "ChessBase"]
[SourceDate "2015.10.29"]
[SourceVersion "1"]
[SourceVersionDate "2015.10.29"]
[SourceQuality "1"]

1. e4 e5 2. Nf3 Nc6 3. Bb5 Nf6 4. d3 Bc5 5. 0-0 Nd4 6. Nxd4 Bxd4 7. c3 Bb6 8. Na3 c6 9. Ba4 0-0 10. Bg5 d6 11. Nc4 Bc7 12. Ne3 h6 13. Bh4 Be6 14. Bc2 g5 15. Bg3 Ne8 16. d4 Ng7 17. Bb3 Qe7 18. Bxe6 Qxe6 19. d5 Qg6 20. dxc6 bxc6 21. Qa4 d5 22. f3 Bb6 23. Bf2 Bxe3 24. Bxe3 f5 25. exd5 cxd5 26. Rad1 Qe6 27. Rfe1 Rfe8 28. Qa5 f4 29. Bd4 Qd6 30. Bc5 Qc6 31. Bb4 Rad8 32. Rxe5 Rxe5 33. Qxd8+ Kh7 34. Qb8 Qe6 35. c4 Re2 36. Qxa7 Rxb2 37. Bc3 Rxg2+ 38. Kxg2 Qe2+ 39. Qf2 Qxd1 40. Qb2 g4 41. Bxg7 Qxf3+ 42. Kg1 Qe3+ 43. Kg2 Qe4+ 44. Kf2 Qf3+ 45. Kg1 Qd1+ 46. Kf2 Qh1 47. Qb7 Qxh2+ 48. Ke1 Qg1+ 49. Kd2 Qe3+ 50. Kc2 Qe2+ 51. Kb1 Qd1+ 52. Kb2 Qd2+ 1/2-1/2

[Event "St Petersburg Summer rapid"]
[Site "St Petersburg"]
[Date "2014.08.30"]
[Round "1"]
[White "Pimenov, Valeri"]
[Black "Dreev, Alexey"]
[Result "0-1"]
[WhiteElo "2100"]
[BlackElo "2662"]
[PlyCount "66"]
[EventDate "2014.08.30"]
[EventType "swiss (rapid)"]
[EventRounds "11"]
[EventCountry "RUS"]
[SourceTitle "CBM 162 Extra"]
[Source "ChessBase"]
[SourceDate "2014.10.17"]
[SourceVersion "1"]
[SourceVersionDate "2014.10.17"]
[SourceQuality "1"]

1. e4 c6 2. d4 d5 3. Nd2 dxe4 4. Nxe4 Bf5 5. Ng3 Bg6 6. Nh3 Nf6 7. Nf4 e5 8. dxe5 Qa5+ 9. c3 Qxe5+ 10. Qe2 Nbd7 11. Nxg6 hxg6 12. Bf4 Qxe2+ 13. Bxe2 Nd5 14. Bd2 f5 15. 0-0-0 Bc5 16. f3 0-0-0 17. Bc4 Ne5 18. Bxd5 Rxd5 19. Bg5 Rxd1+ 20. Kxd1 Nd3 21. Kc2 Nf2 22. Re1 Rxh2 23. Re8+ Kd7 24. Rd8+ Kc7 25. Rg8 Rxg2 26. Rxg7+ Kc8 27. Rg8+ Kd7 28. Rg7+ Ke8 29. Bh4 Ne4+ 30. Kd3 Nxg3 31. Rxg6 f4 32. b4 Bf8 33. a4 Rf2 0-1

[Event "RUS-chT U20"]
[Site "Kaliningrad"]
[Date "2013.08.09"]
[Round "8"]
[White "Vavulin, Maksim"]
[Black "Pimenov, Valeri"]
[Result "1-0"]
[WhiteElo "2360"]
[BlackElo "2040"]
[PlyCount "65"]
[EventDate "2013.08.02"]
[EventType "team-swiss"]
[EventRounds "9"]
[EventCountry "RUS"]
[SourceTitle "EXT 2018"]
[Source "ChessBase"]
[SourceDate "2017.10.13"]
[SourceVersion "1"]
[SourceVersionDate "2017.10.13"]
[SourceQuality "1"]

1. e4 e5 2. Nf3 Nc6 3. Bb5 a6 4. Bxc6 dxc6 5. 0-0 Qd6 6. Na3 Be6 7. Ng5 0-0-0 8. Qe2 h6 9. Nxe6 Qxe6 10. Nc4 Bc5 11. d3 Ne7 12. Bd2 g5 13. h3 h5 14. Be3 Bxe3 15. Qxe3 Kb8 16. Qxg5 f6 17. Qc1 Ng6 18. Kh2 Nf4 19. Qe3 Rdg8 20. Rg1 Rg7 21. Qf3 Rhg8 22. Ne3 c5 23. b3 Qd7 24. Rad1 Ne6 25. Qxf6 Rf7 26. Qxe5 Rxf2 27. Rgf1 Re2 28. Rde1 Rxe1 29. Rxe1 Rg5 30. Nf5 Ka7 31. c3 Qc6 32. Re2 Ng7 33. h4 1-0

[Event "RUS-chT U20"]
[Site "Kaliningrad"]
[Date "2013.08.07"]
[Round "6"]
[White "Smirnov, Timofey"]
[Black "Pimenov, Valeri"]
[Result "0-1"]
[WhiteElo "2066"]
[BlackElo "2040"]
[PlyCount "92"]
[EventDate "2013.08.02"]
[EventType "team-swiss"]
[EventRounds "9"]
[EventCountry "RUS"]
[SourceTitle "EXT 2018"]
[Source "ChessBase"]
[SourceDate "2017.10.13"]
[SourceVersion "1"]
[SourceVersionDate "2017.10.13"]
[SourceQuality "1"]

1. c4 Nf6 2. Nc3 e6 3. g3 d5 4. Bg2 dxc4 5. Qa4+ Bd7 6. Qxc4 Bc6 7. Nf3 Nbd7 8. 0-0 Nb6 9. Qb3 Be7 10. d4 0-0 11. e3 Nbd5 12. Re1 Nxc3 13. bxc3 Be4 14. c4 c5 15. Bb2 Qc7 16. Rac1 Rfd8 17. Red1 b6 18. Ne5 Bd6 19. Bxe4 Nxe4 20. Qc2 Qb7 21. Qe2 Bxe5 22. dxe5 Ng5 23. Qh5 Nf3+ 24. Kf1 g6 25. Qh3 Nd2+ 26. Kg1 Nxc4 27. Rxd8+ Rxd8 28. Qh4 Rd2 29. Bc3 Nxe3 30. Qh3 Rd1+ 31. Rxd1 Nxd1 32. Bd2 Qf3 33. Qf1 c4 34. Bh6 b5 35. Qe1 c3 36. a3 a5 37. Qf1 b4 38. axb4 axb4 39. Qb5 Qxf2+ 40. Kh1 Qe1+ 41. Kg2 Ne3+ 42. Bxe3 Qxe3 43. Qa5 Qe2+ 44. Kg1 Qd1+ 45. Kf2 Qd4+ 46. Kf1 c2 0-1

[Event "RUS-chT U20"]
[Site "Kaliningrad"]
[Date "2013.08.06"]
[Round "5"]
[White "Kardashevskiy, Evgeny"]
[Black "Pimenov, Valeri"]
[Result "1-0"]
[WhiteElo "2163"]
[BlackElo "2040"]
[PlyCount "61"]
[EventDate "2013.08.02"]
[EventType "team-swiss"]
[EventRounds "9"]
[EventCountry "RUS"]
[SourceTitle "EXT 2018"]
[Source "ChessBase"]
[SourceDate "2017.10.13"]
[SourceVersion "1"]
[SourceVersionDate "2017.10.13"]
[SourceQuality "1"]

1. d4 Nf6 2. Nf3 e6 3. e3 b6 4. Bd3 Bb7 5. 0-0 Be7 6. c4 0-0 7. Nc3 d6 8. d5 e5 9. e4 Nbd7 10. Be3 Ne8 11. b4 a5 12. a3 g6 13. Qc2 Ng7 14. c5 bxc5 15. bxc5 dxc5 16. Na4 c6 17. Rab1 Qc7 18. Bxc5 Nxc5 19. Nxc5 Bc8 20. Na4 Ba6 21. Bxa6 Rxa6 22. Qd3 Rfa8 23. Rfc1 Bd6 24. Rc3 f5 25. dxc6 R6a7 26. Qd5+ Kh8 27. Rb7 Qd8 28. h4 Be7 29. Qxd8+ Bxd8 30. Nxe5 Bf6 31. Rxa7 1-0

[Event "RUS-chT U20"]
[Site "Kaliningrad"]
[Date "2013.08.04"]
[Round "3"]
[White "Pimenov, Valeri"]
[Black "Savenkov, Konstantin"]
[Result "0-1"]
[WhiteElo "2040"]
[BlackElo "2113"]
[PlyCount "66"]
[EventDate "2013.08.02"]
[EventType "team-swiss"]
[EventRounds "9"]
[EventCountry "RUS"]
[SourceTitle "EXT 2018"]
[Source "ChessBase"]
[SourceDate "2017.10.13"]
[SourceVersion "1"]
[SourceVersionDate "2017.10.13"]
[SourceQuality "1"]

1. e4 e6 2. d4 d5 3. Nc3 Bb4 4. Nge2 dxe4 5. a3 Bxc3+ 6. Nxc3 Nc6 7. Bb5 Nge7 8. Bg5 f6 9. Be3 0-0 10. Qd2 e5 11. dxe5 Qxd2+ 12. Bxd2 f5 13. Bc4+ Kh8 14. Bg5 Ng6 15. e6 h6 16. e7 Ncxe7 17. Bxe7 Nxe7 18. 0-0-0 a6 19. a4 Ng6 20. Rhe1 Nf4 21. Nd5 Nxg2 22. Rg1 Nh4 23. Nxc7 Rb8 24. Rd6 f4 25. Nd5 b5 26. axb5 axb5 27. Bb3 Bh3 28. Rc6 e3 29. Nxe3 fxe3 30. fxe3 Rbe8 31. Rc7 Rf1+ 32. Rxf1 Bxf1 33. Kd2 Nf3+ 0-1

[Event "Zakharevich Memorial 40th"]
[Site "Staraya Russa"]
[Date "2012.08.05"]
[Round "7"]
[White "Makovetsky, Boris"]
[Black "Pimenov, Valeri"]
[Result "1-0"]
[WhiteElo "2141"]
[BlackElo "1944"]
[PlyCount "69"]
[EventDate "2012.08.01"]
[EventType "swiss"]
[EventRounds "9"]
[EventCountry "RUS"]
[SourceTitle "EXT 2013"]
[Source "ChessBase"]
[SourceDate "2012.11.22"]
[SourceVersion "1"]
[SourceVersionDate "2012.11.22"]
[SourceQuality "1"]

1. e4 e6 2. d4 d5 3. e5 c5 4. c3 Qb6 5. a3 c4 6. Nd2 f6 7. f4 Nc6 8. b3 cxb3 9. Nxb3 Bd7 10. a4 Na5 11. Nxa5 Qxa5 12. Bd2 Nh6 13. Nf3 f5 14. h3 Qc7 15. Bd3 Be7 16. 0-0 0-0 17. Qb3 Bc6 18. c4 Rfd8 19. Rfc1 Qd7 20. cxd5 Bxd5 21. Bc4 Bxc4 22. Qxc4 Rac8 23. Qb3 Nf7 24. Rab1 b6 25. Qb5 Qb7 26. Rxc8 Rxc8 27. a5 Rc6 28. axb6 Qxb6 29. Qd3 Qd8 30. Rb7 a6 31. Qb3 h6 32. Kh2 g5 33. d5 exd5 34. Nd4 Rg6 35. Rb8 1-0

[Event "Kostroma Volga Cup op"]
[Site "Kostroma"]
[Date "2010.07.??"]
[Round "4"]
[White "Popelyshev, Igor Viktorovich"]
[Black "Pimenov, Valeri"]
[Result "1-0"]
[WhiteElo "2059"]
[BlackElo "1828"]
[PlyCount "61"]
[EventDate "2010.07.??"]
[EventType "swiss"]
[EventRounds "9"]
[EventCountry "RUS"]
[SourceTitle "EXT 2011"]
[Source "ChessBase"]
[SourceDate "2010.11.26"]
[SourceVersion "1"]
[SourceVersionDate "2010.11.26"]
[SourceQuality "1"]

1. e4 c5 2. Nc3 e6 3. d3 Nc6 4. g3 Nd4 5. Bg2 Ne7 6. Nce2 Nec6 7. c3 Nxe2 8. Nxe2 Be7 9. 0-0 0-0 10. d4 cxd4 11. cxd4 d6 12. Be3 Bd7 13. Qd2 Qa5 14. Nc3 Rac8 15. Rfc1 Rfd8 16. a3 Qh5 17. b4 b6 18. Ra2 Bf6 19. Rac2 Ne7 20. Bf1 e5 21. d5 Bh3 22. Bxh3 Qxh3 23. Qd3 g5 24. Nb5 Qd7 25. Rc7 Qh3 26. Nxa7 Rxc7 27. Rxc7 Ng6 28. Qf1 Qg4 29. f3 Qh5 30. Bxb6 g4 31. fxg4 1-0

[Event "Kostroma Volga Cup op"]
[Site "Kostroma"]
[Date "2010.07.??"]
[Round "5"]
[White "Vedeneev, Oleg"]
[Black "Pimenov, Valeri"]
[Result "0-1"]
[WhiteElo "2111"]
[BlackElo "1828"]
[PlyCount "36"]
[EventDate "2010.07.??"]
[EventType "swiss"]
[EventRounds "9"]
[EventCountry "RUS"]
[SourceTitle "EXT 2011"]
[Source "ChessBase"]
[SourceDate "2010.11.26"]
[SourceVersion "1"]
[SourceVersionDate "2010.11.26"]
[SourceQuality "1"]

1. e4 e6 2. Qe2 c5 3. f4 Nc6 4. Nf3 Nge7 5. g3 g6 6. Bg2 Bg7 7. c3 0-0 8. 0-0 d6 9. d3 Rb8 10. Be3 b5 11. Rd1 b4 12. d4 bxc3 13. bxc3 Qa5 14. Qc2 cxd4 15. cxd4 Ba6 16. Qd2 Rfc8 17. a3 Rb3 18. Ra2 Qxd2 0-1

[Event "Kostroma Volga Cup op"]
[Site "Kostroma"]
[Date "2009.07.??"]
[Round "7"]
[White "Simagin, Maxim"]
[Black "Pimenov, Valeri"]
[Result "1/2-1/2"]
[WhiteElo "2051"]
[BlackElo "1812"]
[PlyCount "60"]
[EventDate "2009.07.03"]
[EventType "swiss"]
[EventRounds "9"]
[EventCountry "RUS"]
[SourceTitle "EXT 2021"]
[Source "ChessBase"]
[SourceDate "2020.10.23"]
[SourceVersion "1"]
[SourceVersionDate "2020.10.23"]
[SourceQuality "1"]

1. d4 Nf6 2. Nf3 d6 3. c4 g6 4. Bf4 Bg7 5. h3 0-0 6. e3 Nbd7 7. Be2 c5 8. 0-0 Nh5 9. Bh2 cxd4 10. exd4 Re8 11. Nc3 e5 12. Nb5 Qb6 13. dxe5 dxe5 14. Nd6 Re7 15. Ng5 Nhf6 16. Bf3 Nc5 17. Bd5 Nxd5 18. Nxc8 Rxc8 19. cxd5 Qxb2 20. d6 Rd7 21. Qg4 Qd4 22. Qxd4 exd4 23. Rae1 d3 24. Nf3 Bc3 25. Rc1 Bb2 26. Rb1 Na4 27. Rbd1 Nc5 28. Ne1 Bg7 29. Nxd3 Nxd3 30. Rxd3 Rc6 1/2-1/2

[Event "RUS-ch U14"]
[Site "Dagomys"]
[Date "2009.04.15"]
[Round "1"]
[White "Sanzhaev, Darsen"]
[Black "Pimenov, Valeri"]
[Result "1-0"]
[WhiteElo "2120"]
[BlackElo "1812"]
[PlyCount "73"]
[EventDate "2009.04.15"]
[EventType "swiss"]
[EventRounds "9"]
[EventCountry "RUS"]
[SourceTitle "EXT 2012"]
[Source "ChessBase"]
[SourceDate "2011.11.24"]
[SourceVersion "1"]
[SourceVersionDate "2011.11.24"]
[SourceQuality "1"]

1. d4 Nf6 2. c4 g6 3. Nc3 Bg7 4. e4 d6 5. f3 0-0 6. Be3 Nc6 7. Nge2 e5 8. d5 Ne7 9. g4 c6 10. Ng3 a6 11. Qd2 cxd5 12. cxd5 b5 13. Bd3 Bd7 14. h4 b4 15. Nce2 a5 16. h5 Ne8 17. Bh6 f6 18. hxg6 hxg6 19. 0-0-0 Qb6 20. Kb1 a4 21. Rc1 Ra5 22. Be3 Qb7 23. Rc4 Bb5 24. Qxb4 Ra8 25. Nc3 Nc7 26. Nxb5 Nxb5 27. Rc6 Na3+ 28. bxa3 Qxb4+ 29. axb4 Nxc6 30. dxc6 Rfc8 31. b5 Rab8 32. Ba7 Ra8 33. Bc4+ Kf8 34. Be3 Rab8 35. Kc2 Ke7 36. Rb1 Kd8 37. Bd5 1-0